| 000 | 00593nam a22002053a 4500 | ||
|---|---|---|---|
| 001 | 50367 | ||
| 003 | BD-RJUL | ||
| 005 | 20211209075510.0 | ||
| 008 | 160824s19651925xx 000 0 und d | ||
| 035 | _aBD-RJUL 50487 | ||
| 040 |
_aEQO _cEQO _beng |
||
| 041 | _aeng | ||
| 082 |
_223 _a420 _bHEW 1965 |
||
| 100 | 1 |
_aHerd, Harold, _d1893- _9150932 |
|
| 245 | 1 | 0 |
_aWatch your English : _bcommon errors in speech and writing / _cHarold Herd |
| 260 |
_aLondon : _bGeorge allen, _c1925 [reprint 1965] |
||
| 300 |
_a55 p. ; _c17 cm. |
||
| 650 |
_aEnglish language _9150933 |
||
| 942 |
_2ddc _cBK |
||
| 999 |
_c50367 _d50367 |
||